| 000 | 00930 a2200181 4500 | ||
|---|---|---|---|
| 999 |
_c329926 _d329926 |
||
| 003 | NUST | ||
| 005 | 20170622130548.0 | ||
| 008 | 170601b xxu||||| |||| 00| 0 eng d | ||
| 020 | _a9693512294 | ||
| 040 |
_aDLC _bDLC _cNUST |
||
| 082 |
_a891.4397 _bSHA |
||
| 100 |
_aShafiq ur Rehman _91675 |
||
| 245 |
_a Dajla _cShafiq ur Rehman _h[Urdu] |
||
| 260 |
_aLahore: _bSang-e-meel Publications, _c2008. |
||
| 300 |
_a304 p. ; _c22 cm. |
||
| 500 | _aSatire | ||
| 546 | _aIn Urdu | ||
| 650 |
_aUrdu Adab--Tanz-o-Mazah. _91738 |
||
| 880 |
_aدجلہ _6245-02\(3\r _cشفیق الرحمٰن |
||
| 880 |
_aشفیق الرحمٰن _6100-01\(3\r |
||
| 880 |
_aلاہور: _6260-03\(3\r _bسنگ میل پبلی کیشنز، _c2008 |
||
| 942 |
_cBK _2ddc |
||